Роль физиологии и биохимии в интродукции и селекции сельскохозяйственных растений (Запись № 11547283)

Подробности
000 -МАРКЕР
контрольное поле 02879nam1a2200361 i 4500
001 - ИДЕНТИФИКАТОР ЗАПИСИ
контрольное поле RU\NLR\BIBL_A\012030166
005 - ИДЕНТИФИКАТОР ВЕРСИИ
контрольное поле 20260408092533.0
010 ## - МЕЖДУНАРОДНЫЙ СТАНДАРТНЫЙ НОМЕР КНИГИ (ISBN)
Номер (ISBN) 9785209093572
035 ## - ДРУГИЕ СИСТЕМНЫЕ НОМЕРА
Идентификатор записи (NLR Aleph) 012030166
100 ## - ДАННЫЕ ОБЩЕЙ ОБРАБОТКИ
Данные общей обработки 20190604g20199999km y0rusy50 ca
101 0# - ЯЗЫК РЕСУРСА
Язык текста, звукозаписи и т.д. русский
102 ## - СТРАНА ПУБЛИКАЦИИ ИЛИ ПРОИЗВОДСТВА
Страна публикации Российская Федерация
105 ## - ПОЛЕ КОДИРОВАННЫХ ДАННЫХ: ТЕКСТОВЫЕ МАТЕРИАЛЫ, МОНОГРАФИЧЕСКИЕ
Кодированные данные о монографическом текстовом документе ||||z||||||||
200 1# - ЗАГЛАВИЕ И СВЕДЕНИЯ ОБ ОТВЕТСТВЕННОСТИ
Основное заглавие Роль физиологии и биохимии в интродукции и селекции сельскохозяйственных растений
Сведения, относящиеся к заглавию сборник материалов V Международной научно-методологической конференции, Москва, 15-19 апреля 2019 г.
-- в двух томах
Первые сведения об ответственности Министерство науки и высшего образования РФ, Российская академия наук, ...Национальный ботанический сад имени Н. Н. Гришко Национальной академии наук Украины, ...Республиканское научное дочернее унитарное предприятие "Институт защиты растений" [и другие
Последующие сведения об ответственности редакционная коллегия: М.С. Гинс и другие]
210 ## - ПУБЛИКАЦИЯ, РАСПРОСТРАНЕНИЕ И ДР.
Место издания, распространения и т.д. Москва
Имя издателя, распространителя и т. д. Российский университет дружбы народов
Дата издания, распространения и т.д. 2019
215 ## - ФИЗИЧЕСКАЯ ХАРАКТЕРИСТИКА
Размеры 21
606 1# - НАИМЕНОВАНИЕ ТЕМЫ КАК ПРЕДМЕТ
Наименование темы Сельскохозяйственные растения
Формальный подзаголовок Съезды, совещания и т.п
Тематический подзаголовок Интродукция
-- Физиолого-биохимические основы
Системный номер авторитетной/нормативной записи 2630717
Идентификатор авторитетной/нормативной записи RU\NLR\AUTH\661567277
606 1# - НАИМЕНОВАНИЕ ТЕМЫ КАК ПРЕДМЕТ
Наименование темы Сельскохозяйственные растения
Формальный подзаголовок Съезды, совещания и т.п
Тематический подзаголовок Селекция
-- Физиолого-биохимические основы
Системный номер авторитетной/нормативной записи 2630720
Идентификатор авторитетной/нормативной записи RU\NLR\AUTH\661567280
686 1# - ИНДЕКСЫ ДРУГИХ КЛАССИФИКАЦИЙ
Индекс П139я431(0)
686 1# - ИНДЕКСЫ ДРУГИХ КЛАССИФИКАЦИЙ
Индекс П127я431(0)
686 1# - ИНДЕКСЫ ДРУГИХ КЛАССИФИКАЦИЙ
Индекс П131я431(0)
702 #1 - ИМЯ ЛИЦА - ВТОРИЧНАЯ ОТВЕТСТВЕННОСТЬ
Начальный элемент ввода Гинс
Часть имени, кроме начального элемента ввода М. С.
Расширение инициалов личного имени Мурат Сабирович
Код отношения Редактор
711 12 - НАИМЕНОВАНИЕ ОРГАНИЗАЦИИ - АЛЬТЕРНАТИВНАЯ ОТВЕТСТВЕННОСТЬ
Начальный элемент ввода "Роль физиологии и биохимии в интродукции и селекции сельскохозяйственных растений", международная научно-методологическая конференция
Порядковый номер временной организации и / или порядковый номер ее части 5
Место проведения временной организации Москва
Дата проведения временной организации 2019
Системный номер авторитетной/нормативной записи 665760
Идентификатор авторитетной/нормативной записи RU\NLR\AUTH\880502991
712 02 - НАИМЕНОВАНИЕ ОРГАНИЗАЦИИ - ВТОРИЧНАЯ ОТВЕТСТВЕННОСТЬ
Код отношения Прочие
Начальный элемент ввода Российская академия наук
Идентификатор авторитетной/нормативной записи RU\NLR\AUTH\881057
Системный номер авторитетной/нормативной записи 272489
712 02 - НАИМЕНОВАНИЕ ОРГАНИЗАЦИИ - ВТОРИЧНАЯ ОТВЕТСТВЕННОСТЬ
Код отношения Прочие
Начальный элемент ввода Национальный ботанический сад им. Н. Н. Гришко
Идентифицирующий признак Киев
Идентификатор авторитетной/нормативной записи RU\NLR\AUTH\8810232144
Системный номер авторитетной/нормативной записи 349352
712 02 - НАИМЕНОВАНИЕ ОРГАНИЗАЦИИ - ВТОРИЧНАЯ ОТВЕТСТВЕННОСТЬ
Код отношения Прочие
Начальный элемент ввода Институт защиты растений
Идентифицирующий признак Минск
Системный номер авторитетной/нормативной записи 580674
Идентификатор авторитетной/нормативной записи RU\NLR\AUTH\880458875
852 ## - МЕСТОНАХОЖДЕНИЕ И ШИФР ХРАНЕНИЯ
Идентификатор организации NLR
Шифр хранения (Call Number) 2019-3/15143
942 ## - ДОПОЛНИТЕЛЬНЫЕ ЭЛЕМЕНТЫ ЗАПИСИ (АБИС)
Тип экземпляра АБИС Книга
980 ## - КОЛЛЕКЦИЯ
Название коллекции НБР

Нет доступных экземпляров.